000 00483nam a22001817a 4500
003 OSt
005 20221014143816.0
008 221012b |||||||| |||| 00| 0 eng d
040 _cBiblioteca Lado V
082 _a708
_bC132n
100 _9185
_aCahn, Miriam
_eautor
245 _aNon-Lieu/
260 _bRoman Pellas
_c2003
_aParis
300 _a52p.
_c21x30cm
490 _vvolumen I
700 _aPariente, Laurent
_eautor
942 _2ddc
_c1
_h708
_iC132n
_n0
999 _c2320
_d2320